Logos des Jeux olympiques d'été - Statistiques

Statistiques générales
  • Ce quiz a été pris 23 fois
  • Le résultat moyen est 17 sur 31
Statistiques - réponses
Par images Réponse % Correct
Los Angeles
100%
Paris
90%
Paris
85%
Tokyo
85%
Athènes
80%
Londres
80%
Londres
80%
Rome
80%
Berlin
75%
Paris
75%
Rio de Janeiro
75%
Tokyo
65%
Athènes
60%
Stockholm
60%
Mexico
50%
Pékin
50%
Saint-Louis
45%
Atlanta
40%
Barcelone
40%
Londres
40%
Los Angeles
40%
Melbourne
40%
Moscou
40%
Helsinki
35%
Montréal
35%
Sydney
35%
Amsterdam
30%
Anvers
30%
Los Angeles
25%
Séoul
25%
Munich
15%
Aucun quiz correspondant
Distribution des résultats
% des personnes avec chaque résultat
Percentile par nombre de réponses
Votre historique - résultats
Vous n’avez pas pris ce quiz